00594nam a22001937a 450000500170000001000150001702000260003203500140005803700100007208200110008210000170009324500690011025000060017926000430018527001180022830000190034670000290036576000060039420250317122158.0 aENG-144084 a9788119337446c260.00 aEN-127616 bDBAD  a796.06 aAli, B.Akbar aPro Steps of Physical Education/cB.Akbar Ali [and] T. Murugesan a1 aTamil NadubShanlax Publicationsc2023 a61, 66 T.P.K. Main Road Vasantha Nagar MaduraibTamil Nadue625003k7639303383mpublisher@Shanlaxpublication.com a96p.c24cm(pb) aMurugesan, T. eCompiler b1